[Event "Nordre Efteraar"]
[Site "Aarhus"]
[Date "1998.10.18"]
[Round "9"]
[White "Williams, Simon"]
[Black "Johansen, Morten"]
[Result "1-0"]
[WhiteElo "2335"]
[BlackElo "2285"]

1.c4 c6 2.Nc3 d5 3.cxd5 cxd5 4.d4 Nf6 5.Bf4 a6 6.e3 e6 7.Bd3 Nc6 8.Rc1 Be7
9.Nf3 O-O 10.Ne5 Nxe5 11.dxe5 Nd7 12.h4 f5 13.g4 Nc5 14.Bb1 Ne4 15.f3 Bxh4+
16.Ke2 Nf2 17.Qd4 Nxh1 18.Rxh1 Bg5 19.Rg1 Bxf4 20.exf4 Rf7 21.Na4 b6 22.gxf5 exf5
23.Nxb6 Rb8 24.Na4 Qa5 25.Rc1 Bd7 26.Nc5 Qb5+ 27.Ke3 Bc6 28.b3 a5 29.Bd3 Qb6
30.a3 Rc8 31.b4 axb4 32.axb4 Bb5 33.e6 Rf6 34.Bxb5 Qxb5 35.Qxd5 h6 36.Qd7 Qc6
37.Rd1  1-0

[Event "Bundesliga 9899"]
[Site "Germany"]
[Date "1998.10.18"]
[Round "2.7"]
[White "Stolz, Mike"]
[Black "Forchert, Martin"]
[Result "1/2-1/2"]
[WhiteElo "2330"]
[BlackElo "2300"]

1.c4 c6 2.e4 e5 3.Nf3 Qa5 4.g3 Nf6 5.Nc3 Bb4 6.Qc2 O-O 7.Bg2 d6 8.O-O Be6
9.d3 Bxc3 10.Qxc3 Qxc3 11.bxc3 Na6 12.Ba3 c5 13.Rfb1 Rfb8 14.Bc1 Bd7 15.a4 Bc6
16.Bg5 Ne8 17.Bh3 Nac7 18.Nd2 Ne6 19.Be3 N8c7 20.Ra2 b6 21.f4 f6 22.Bg4 Kf7
23.h4 Ke7 24.Kf2 a6 25.Bd1 Rb7 26.Rab2 Rab8 27.Nb3 Kd7 28.f5 Nd8 29.Ra2 Ke7
30.g4 Be8 31.g5 Nc6 32.Rab2 Nd8 33.Ra2 Nc6 34.Rab2 Nd8 35.Ra2  1/2-1/2

[Event "VAM Hoogeveen op"]
[Site "Hoogeveen"]
[Date "1998.10.20"]
[Round "5"]
[White "Rantanen, Yrjo A"]
[Black "De Blecourt, Sandra"]
[Result "1-0"]
[WhiteElo "2360"]
[BlackElo "2040"]

1.c4 c6 2.e4 d5 3.exd5 cxd5 4.d4 Nf6 5.Nc3 Nc6 6.Nf3 Bg4 7.cxd5 Nxd5 8.Qb3 Bxf3
9.gxf3 Nb6 10.Be3 e5 11.dxe5 Nxe5 12.Bb5+ Nc6 13.Rg1 g6 14.Rg4 Be7 15.Rd1 Qc7
16.Re4 O-O 17.Bxb6 axb6 18.Nd5 Qxh2 19.Nxe7+ Nxe7 20.Rxe7 Qf4 21.a4 h5 22.Qe3 Qb4+
23.Kf1 Qxb2 24.Kg2 Rac8 25.Qxb6 Rc6 26.Qd4 Qa3 27.Re3  1-0

[Event "BCF-chT 98/99 (4NCL)"]
[Site "GBR"]
[Date "1998.10.25"]
[Round "2"]
[White "Knott, Simon JB"]
[Black "Vigus, James"]
[Result "0-1"]
[WhiteElo "2350"]
[BlackElo "2260"]

1.c4 c6 2.Nc3 d5 3.e3 Nf6 4.d4 a6 5.Bd3 e6 6.Nf3 dxc4 7.Bxc4 b5 8.Bb3 c5
9.O-O Bb7 10.Qe2 Nbd7 11.Rd1 Qb8 12.d5 c4 13.dxe6 fxe6 14.Bc2 Bd6 15.b3 Bxf3
16.Qxf3 Bxh2+ 17.Kh1 Be5 18.Bb2 b4 19.Na4 c3 20.Bc1 Ke7 21.a3 a5 22.Qe2 h5
23.f4 Bd6 24.Rf1 h4 25.Qf3 Nh5 26.Rd1 Qc7 27.Rd4 Raf8 28.axb4 axb4 29.Rc4 Qb8
30.Re4 Ng3+ 31.Kg1 Nxe4 32.Bxe4 g5 33.Bc6 Ne5 34.Qe4 Nxc6 35.Qxc6 gxf4 36.Nc5 Qc7
37.Qxc7+ Bxc7 38.Ra7 Kd6 39.Ne4+ Kc6 40.Ra6+ Kd5  0-1

[Event "Panormo zt"]
[Site "Panormo"]
[Date "1998.10.27"]
[Round "4"]
[White "Damljanovic, Branko"]
[Black "Moutousis, Konstantinos"]
[Result "1/2-1/2"]
[WhiteElo "2555"]
[BlackElo "2475"]

1.c4 c6 2.e4 d5 3.exd5 cxd5 4.d4 Nf6 5.Nc3 e6 6.Nf3 Nc6 7.Bd3 dxc4 8.Bxc4 Be7
9.O-O O-O 10.a3 a6 11.Be3 b5 12.Bd3 Bb7 13.b4 a5 14.Nxb5 axb4 15.a4 Rc8 16.Qe2 Na5
17.Rab1 Be4 18.Rfc1 Bxd3 19.Qxd3 Qd7 20.Ne5 Qb7 21.Bd2 Rxc1+ 22.Rxc1 Rc8
23.Rxc8+ Qxc8 24.g3 Qb7 25.h4 Nd5 26.Qf3 Bf8 27.h5 f6 28.Nd3 Qc6 29.Qe4 Nb6
30.Qe2 Qc4 31.Kf1 Nb3 32.Bxb4 Bxb4 33.Nxb4 Nd2+ 34.Ke1 Qxb4 35.Qxd2 Qxa4
36.Nc3 Qa5 37.g4 Nd5 38.Nxd5 Qxd5 39.Qf4 Qd7 40.Qe4 Qd6 41.Ke2 Qa6+ 42.Kf3 Qc8  1/2-1/2

[Event "Najdorf op"]
[Site "Buenos Aires"]
[Date "1998.11.01"]
[Round "9"]
[White "Poluljahov, Aleksandr"]
[Black "Gomez Baillo, Jorge H"]
[Result "1-0"]
[WhiteElo "2530"]
[BlackElo "2445"]

1.c4 c6 2.e4 d5 3.exd5 cxd5 4.cxd5 Nf6 5.Nc3 Nxd5 6.Nf3 e6 7.Bc4 Be7 8.O-O O-O
9.d4 Nxc3 10.bxc3 Nc6 11.Re1 b6 12.Bd3 Bb7 13.h4 Bf6 14.Ng5 g6 15.Qg4 Ne7
16.h5 Nf5 17.hxg6 hxg6 18.Nxe6 fxe6 19.Qxg6+ Bg7 20.Rxe6 Qh4 21.Bxf5 Rxf5
22.Qxf5 Rf8 23.Bg5 Qh5 24.Qg6 Qxg6 25.Rxg6  1-0

[Event "Escaldes zt"]
[Site "Escaldes"]
[Date "1998.11.06"]
[Round "1"]
[White "Reinderman, Dimitri"]
[Black "Garcia Paolicchi, Raul"]
[Result "1-0"]
[WhiteElo "2540"]
[BlackElo "2340"]

1.c4 c6 2.e4 d5 3.exd5 cxd5 4.d4 Nf6 5.Nc3 e6 6.Nf3 Bb4 7.Bd3 dxc4 8.Bxc4 O-O
9.O-O Qc7 10.Qe2 Nbd7 11.Nb5 Qd8 12.a3 Be7 13.Bf4 Ne8 14.Nc3 Nb6 15.Bd3 Nd5
16.Bg3 Nef6 17.Ne5 Bd7 18.Nxd5 Nxd5 19.Qc2 g6 20.Qb3 Nb6 21.a4 Bc6 22.Nxc6 bxc6
23.a5 Nd5 24.Ba6 Bd6 25.Bb7 Rb8 26.a6 Bxg3 27.hxg3 Qd6 28.Qc4 Rfd8 29.Rfd1 Ne7
30.Qc5 Qxc5 31.dxc5 Kf8 32.b4 Rd5 33.b5 cxb5 34.c6 Rc5 35.Rac1 Rxc1 36.Rxc1 Nxc6
37.Rxc6 Ke7 38.Rc7+ Kd6 39.Rxf7 b4 40.Rf4 Ke5 41.Rf3  1-0

[Event "Young Masters 5th"]
[Site "Loures"]
[Date "1998.11.06"]
[Round "4"]
[White "Hernandez, Roman"]
[Black "Moreno, Javier"]
[Result "1/2-1/2"]
[WhiteElo "2440"]
[BlackElo "2430"]

1.c4 c6 2.d4 d5 3.cxd5 cxd5 4.Nc3 Nf6 5.Nf3 Nc6 6.Bf4 e6 7.e3 Be7 8.Bd3 O-O
9.Rc1 Bd7 10.Bg5 h6 11.Bh4 Ne4 12.Bxe7 Nxc3 13.Bxd8 Nxd1 14.Kxd1 Rfxd8  1/2-1/2

[Event "Chigorin mem"]
[Site "St. Petersburg"]
[Date "1998.11.06"]
[Round "6"]
[White "Skatchkov, Pavel"]
[Black "Shurygin, Sergey"]
[Result "1-0"]
[WhiteElo "2420"]
[BlackElo "2305"]

1.c4 c6 2.Nc3 d5 3.d4 Nf6 4.Nf3 a6 5.e3 b5 6.b3 Bg4 7.Be2 e6 8.O-O Nbd7 9.a4 b4
10.Nb1 a5 11.Nbd2 Be7 12.Bb2 O-O 13.Rc1 Qb8 14.h3 Bh5 15.cxd5 cxd5 16.Bb5 Ra7
17.Qe2 Rc8 18.Rxc8+ Qxc8 19.Rc1 Rc7 20.Qf1 Rxc1 21.Qxc1 Qxc1+ 22.Bxc1 Bg6
23.Kf1 Kf8 24.Ke2 Bd6 25.Bb2 Ke7 26.Bd3 Bxd3+ 27.Kxd3 Bc7 28.e4 dxe4+ 29.Nxe4 Nxe4
30.Kxe4 f5+ 31.Kd3 Nb6 32.g3 g6 33.Bc1 Nd5 34.Bh6 Kd7 35.Ng5 Nf6 36.Bg7 Ne8
37.Be5 h6 38.Nf7 h5 39.Kc4 Nd6+ 40.Nxd6 Bxd6 41.Bxd6 Kxd6 42.Kb5  1-0

[Event "Villa Martelli op"]
[Site "Villa Martelli"]
[Date "1998.11.08"]
[Round "4"]
[White "Hoffman, Alejandro"]
[Black "De las Heras, Juan Carlos"]
[Result "1-0"]
[WhiteElo "2525"]
[BlackElo "2315"]

1.c4 c6 2.e4 d6 3.d4 g6 4.Nc3 Bg7 5.Nf3 Nf6 6.Be2 O-O 7.O-O e5 8.Re1 Nh5
9.g3 Bg4 10.d5 c5 11.Bd2 Nf6 12.Nh4 Bc8 13.Qc2 Ne8 14.Bd3 Qd7 15.f3 f5 16.exf5 gxf5
17.g4 e4 18.fxe4 Bd4+ 19.Kh1 fxg4 20.Nf5 Be5 21.Bh6 Rf7 22.Qd2 Kh8 23.Rg1 Nf6
24.Bf4 Qd8 25.Bxe5 dxe5 26.Raf1 Bxf5 27.Rxf5 Nbd7 28.Ne2 Rg7 29.Ng3 Ne8 30.Nh5 Rg6
31.Qc3 Ng7 32.Nxg7 Rxg7 33.Bc2 a6 34.Ba4 Nb6 35.b3 Nc8 36.Qxe5 Nd6 37.Rf6 Nxe4
38.Rf7 Qg5 39.Qxg7+ Qxg7 40.Rxg7  1-0

[Event "Villa Martelli op"]
[Site "Villa Martelli"]
[Date "1998.11.09"]
[Round "5"]
[White "Alvarez Castillo, Hector"]
[Black "Filgueira, Hernan"]
[Result "0-1"]
[WhiteElo "2200"]
[BlackElo "2400"]

1.c4 c6 2.g3 f5 3.Bg2 Nf6 4.Nc3 e5 5.d4 d6 6.dxe5 dxe5 7.Qxd8+ Kxd8 8.Bg5 Be6
9.O-O-O+ Nd7 10.Nf3 Kc7 11.Bh3 Bb4 12.Bxf6 Nxf6 13.Ng5 Bc8 14.e4 Bxc3 15.bxc3 h6
16.Nf7 Rf8 17.Nd6 Nxe4 18.Nxe4 fxe4 19.Bxc8 Raxc8 20.Rd2 Rf3 21.Kc2 Rcf8
22.Re1 Rxf2 23.Rxe4 Rxd2+ 24.Kxd2 Rf2+ 25.Kd3 Rxh2 26.Rxe5 Kd6 27.Rf5 Rg2
28.Rf3 Ke5 29.Re3+ Kf5 30.a4 g5 31.Kd4 Rd2+ 32.Kc5 Rd7 33.a5 a6 34.Kb6 h5
35.c5 Rh7 36.c4 Kg4 37.Rd3 h4 38.gxh4 Kxh4 39.Rd1 Kg4 40.Rg1+ Kf5 41.Rf1+ Kg4
42.Rg1+ Kf5 43.Re1  0-1

[Event "Budapest FS11 IM-B"]
[Site "Budapest"]
[Date "1998.11.11"]
[Round "5"]
[White "Khechumyan, Gagik"]
[Black "Dudas, Janos"]
[Result "1-0"]
[WhiteElo "2320"]
[BlackElo "2340"]

1.c4 c6 2.d4 d5 3.g3 dxc4 4.Bg2 e5 5.Nf3 exd4 6.O-O Bc5 7.Nbd2 b5 8.Ne4 Bb6
9.Bf4 Ne7 10.Nd6+ Kf8 11.Nxd4 a6 12.a4 Ra7 13.axb5 cxb5 14.N6xb5 Rd7 15.Bxb8 axb5
16.e3 Bxd4 17.exd4 f6 18.Qh5 Qb6 19.Ra8 g6 20.Qh6+ Kf7 21.d5 Nf5 22.Qf4 Re8
23.g4 Rb7 24.gxf5 Bxf5 25.Qh6 Kg8 26.Ba7 Rxa8 27.Bxb6 Rxb6 28.Re1  1-0

[Event "Donetzk zt"]
[Site "Donetsk"]
[Date "1998.11.11"]
[Round "9"]
[White "Tukmakov, Vladimir B"]
[Black "Savchenko, Stanislav"]
[Result "1-0"]
[WhiteElo "2605"]
[BlackElo "2555"]

1.c4 c6 2.Nf3 d5 3.e3 Nf6 4.Nc3 e6 5.b3 Bd6 6.Bb2 O-O 7.Qc2 Nbd7 8.Be2 a6
9.d4 b5 10.O-O bxc4 11.bxc4 dxc4 12.Na4 Nb6 13.Nc5 Qe7 14.Ne5 Bxe5 15.dxe5 Nfd5
16.Bd4 a5 17.Bxc4 Nb4 18.Qe2 Nxc4 19.Qxc4 Ba6 20.Nxa6 Nxa6 21.Qxc6 Rfc8 22.Qb5 Nb4
23.Qa4 Nc2 24.Rab1 Nxd4 25.exd4 h5 26.Rb5 Qd7 27.Rd1 Rab8 28.Rxb8 Qxa4 29.Rxc8+ Kh7
30.Rcc1 Qxa2 31.Ra1 Qb3 32.Rdb1 Qc4 33.Rxa5 Qxd4 34.h3 Qc3 35.Rab5 g6 36.h4 Kg7
37.g3 Qc4 38.R1b4 Qc1+ 39.Kg2 Qc6+ 40.Kh2 Kh6 41.Rb3 g5 42.hxg5+ Kxg5 43.R5b4 f5
44.exf6 Kxf6 45.Rf4+ Kg7 46.Re3 Qd5 47.Rfe4 Qf5 48.Kg1  1-0

[Event "AUT-chT2O 9899"]
[Site "AUT"]
[Date "1998.11.15"]
[Round "4"]
[White "Sulyok, Michael"]
[Black "Bachofner, Christian"]
[Result "1/2-1/2"]
[WhiteElo "2220"]
[BlackElo "2050"]

1.c4 c6 2.Nf3 Nf6 3.g3 d5 4.Bg2 e6 5.b3 Nbd7 6.Bb2 Be7 7.O-O O-O 8.d4 b6
9.Nbd2 Bb7 10.Rc1 Rc8 11.e3 c5 12.Qe2 Re8 13.Rfd1 Rc7 14.cxd5 exd5 15.Ne1 cxd4
16.Bxd4 Ba3 17.Rxc7 Qxc7 18.Nb1 Bd6 19.Nc3 Be5 20.Qd2 Ne4 21.Bxe5 Nxe5 22.Nxd5 Bxd5
23.Qxd5 Nc3 24.Qd6 Qxd6 25.Rxd6 Nxa2 26.Nd3 Nxd3 27.Rxd3 Kf8 28.Rd7  1/2-1/2

[Event "DEN-chT 9899"]
[Site "Denmark"]
[Date "1998.11.15"]
[Round "3"]
[White "Pedersen, Finn"]
[Black "Bang, Andreas"]
[Result "1/2-1/2"]
[WhiteElo "2295"]
[BlackElo "2305"]

1.c4 c6 2.d4 d5 3.cxd5 cxd5 4.Nc3 Nf6 5.Bf4 Nc6 6.e3 a6 7.Bd3 Bg4 8.f3 Bh5
9.Qb3 Na5 10.Qa4+ Nc6 11.Rc1 e6 12.Nge2 Bg6 13.Bxg6 hxg6 14.e4 Be7 15.O-O O-O
16.e5 Nd7 17.Qd1 Qb6 18.Kh1 Rfc8 19.Qd2 Na5 20.b3 Ba3 21.Rc2 Nc6 22.Na4 Qd8
23.Be3 b5 24.Nb2 Nb4 25.Rc3 Rxc3 26.Nxc3 Rc8 27.Nbd1 Qa5 28.f4 Nc6 29.Rf3 Bb4
30.Bf2 Ne7 31.g4 Rc6 32.Be1 Qc7 33.Qf2 Bxc3 34.Bxc3 a5 35.a3 f5 36.h3 Nb8
37.Qe1 Ra6 38.Nf2 Nec6 39.Nd3 Nd7 40.Rg3 Qa7 41.gxf5 Nxd4 42.fxe6 Nxe6 43.Rxg6 d4
44.Bd2 Nec5 45.Rxa6 Qb7+ 46.Kh2 Nxd3 47.Qh1 Qxa6 48.Qd5+ Kh7 49.Qxd7 b4 50.axb4 Nxe5
51.b5 Nf3+ 52.Kg3 Qg6+ 53.Kxf3 Qd3+ 54.Kg4 Qxd2 55.Qf5+ Kh8 56.Qd5 Qe2+ 57.Kg5 d3
58.b6 Qe7+ 59.Kg4 Qe2+ 60.Qf3 Qe7 61.f5 Qd6 62.b7 d2 63.Qd1 Qb4+ 64.Kh5 Qxb7
65.Qxd2 Qxb3 66.Qxa5  1/2-1/2

[Event "Wch U20"]
[Site "Calicut"]
[Date "1998.11.18"]
[Round "2"]
[White "Hansen, Torbjorn R"]
[Black "Karatekin, Tamer"]
[Result "1/2-1/2"]
[WhiteElo "2060"]
[BlackElo "2325"]

1.c4 c6 2.g3 d5 3.Bg2 Nf6 4.Nf3 e6 5.O-O Nbd7 6.b3 Bd6 7.Bb2 O-O 8.d4 b6
9.Qc2 Bb7 10.Nbd2 Qc7 11.Rac1 Rac8 12.Rfe1 c5 13.cxd5 exd5 14.Qf5 Rfe8 15.Bh3 Rcd8
16.Nh4 Bc8 17.Qd3 Bf8  1/2-1/2

[Event "Cologne op 47th"]
[Site "Cologne"]
[Date "1998.11.19"]
[Round "7"]
[White "Haag, Martin"]
[Black "Hogenacker, Jacques"]
[Result "1/2-1/2"]
[WhiteElo "2290"]
[BlackElo "2305"]

1.c4 c6 2.d4 d5 3.cxd5 cxd5 4.Nf3 Nf6 5.Nc3 Nc6 6.Bf4 e6 7.e3 a6 8.Bd3 Bd6
9.Rc1 O-O 10.Bb1 Re8 11.O-O Bxf4 12.exf4 Qd6 13.Ne5 Re7 14.Re1 Rc7 15.Qd2 Bd7
16.Re3 Ne7 17.Rce1 Rd8 18.g3 Bc8 19.Rc1 b6 20.f3 Ne8 21.Ne2 Rxc1+ 22.Nxc1 f6
23.Ng4 Bd7 24.Rc3 g6 25.Bd3 a5 26.Ne2 Kf7 27.a3 Rc8 28.Rxc8  1/2-1/2

[Event "Wch U20 Girls"]
[Site "Calicut"]
[Date "1998.11.25"]
[Round "8"]
[White "Subbaraman, Vijayalakshmi"]
[Black "Swati, Mohota"]
[Result "1-0"]
[WhiteElo "2335"]
[BlackElo "2100"]

1.c4 c6 2.Nc3 d5 3.d4 Nf6 4.Nf3 e6 5.cxd5 cxd5 6.Bg5 Nc6 7.e3 Be7 8.Bd3 O-O
9.O-O b6 10.Rc1 Bb7 11.Re1 Rc8 12.Nd2 h6 13.Bh4 Ne4 14.Bxe7 Nxc3 15.Rxc3 Qxe7
16.Nf1 e5 17.Bf5 Rc7 18.dxe5 Qxe5 19.Ng3 g6 20.f4 Qf6 21.Bb1 Rd8 22.f5 Qg5
23.Qc1 Re7 24.fxg6 fxg6 25.Rxc6 Bxc6 26.Qxc6 Kg7 27.Re2 Rde8 28.Qc3+ Qf6
29.Qd3 Qg5 30.Qd4+ Re5 31.Nf1 Kh7 32.Rf2 R5e7 33.h4 Qe5 34.Qg4 Qe6 35.Qxe6 Rxe6
36.h5 Kg7 37.Bxg6 R8e7 38.Ng3 Rc7 39.Nf5+ Kh8 40.Rf3 Rc1+ 41.Kh2 Re1 42.Nd4 Re7
43.Rf6 R7xe3 44.Nf5  1-0

[Event "Wch U20 Girls"]
[Site "Calicut"]
[Date "1998.11.28"]
[Round "11"]
[White "Koneru, Humpy"]
[Black "Swati, Mohota"]
[Result "1-0"]
[WhiteElo "2140"]
[BlackElo "2100"]

1.c4 c6 2.Nf3 d5 3.g3 Nf6 4.Bg2 Bf5 5.O-O e6 6.b3 Qb6 7.d3 Nbd7 8.Bb2 h6
9.Nbd2 Rd8 10.Rc1 Be7 11.cxd5 cxd5 12.e4 dxe4 13.dxe4 Bh7 14.Qe2 O-O 15.Rfd1 Nc5
16.Ne5 Qa6 17.Qxa6 Nxa6 18.f3 Bc5+ 19.Kf1 Bd4 20.Bxd4 Rxd4 21.Ndc4 Rxd1+
22.Rxd1 Bg6 23.Nxg6 fxg6 24.Ke2 Nb4 25.Bh3 Re8 26.a3 Nc6 27.e5 Nd5 28.Bxe6+ Rxe6
29.Rxd5 b5 30.Nd6 Nxe5 31.Nxb5 Ng4+ 32.Kd3 Nxh2 33.Nxa7 Nxf3 34.b4 Ne1+ 35.Kc4 Re3
36.b5 Nc2 37.a4 Ra3 38.Rd8+ Kf7 39.b6 Rxa4+ 40.Kc5 Ra5+ 41.Kd6 Ne3 42.Kc7 Rc5+
43.Nc6 Nd5+ 44.Kd6 Rxc6+ 45.Kxc6 Nxb6 46.Kxb6 Ke6 47.Kc5 g5 48.Kd4 Kf5 49.Ke3 Kg4
50.Kf2 g6 51.Rd4+ Kf5 52.Kf3 h5 53.Rd5+ Kf6 54.g4 h4 55.Kg2 Ke6 56.Ra5 Kf6
57.Kh3 Kg7 58.Rxg5 Kf6 59.Kxh4 Ke6 60.Rb5  1-0

[Event "AUT-chT2M 9899"]
[Site "Austria"]
[Date "1998.11.29"]
[Round "3"]
[White "Hanel, Reinhard"]
[Black "Opl, Klaus"]
[Result "1/2-1/2"]
[WhiteElo "2360"]
[BlackElo "2330"]

1.c4 c6 2.d4 d5 3.Nc3 Nf6 4.Nf3 e6 5.cxd5 exd5 6.Qc2 Be7 7.Bf4 Nbd7 8.e3 O-O
9.Bd3 Re8 10.O-O Nf8 11.Rab1 a5 12.a3 Nh5  1/2-1/2

[Event "Max Wilkerson"]
[Site "San Francisco"]
[Date "1998.11.29"]
[Round "10"]
[White "Rey, Guillermo"]
[Black "Schiller, Eric"]
[Result "0-1"]
[WhiteElo "2370"]
[BlackElo "2190"]

1.c4 c6 2.Nf3 d5 3.b3 Nf6 4.Bb2 Bf5 5.g3 h6 6.Bg2 e6 7.O-O Nbd7 8.d3 Be7
9.Nbd2 O-O 10.a3 a5 11.Qc2 Re8 12.Rfe1 Bf8 13.e4 dxe4 14.Nxe4 Nxe4 15.dxe4 Bh7
16.Rad1 Qc7 17.Nd4 Rad8 18.Qc3 Nc5 19.Qe3 e5 20.Ne2 Rxd1 21.Rxd1 Rd8 22.Rxd8 Qxd8
23.Bxe5 Qd1+ 24.Bf1 Nxb3 25.Nc3 Qd2 26.a4 Qxe3 27.fxe3 Nd2 28.Kf2 f6 29.Bc7 Bb4
30.Na2 Nxe4+ 31.Ke2 Nc5 32.Nc1 Nxa4 33.Bh3 Nc5 34.Bd6 Bg6 35.Na2 Nd3 36.Be6+ Kh7
37.Nxb4 axb4 38.c5 Be4 39.Kd2 Kg6 40.Bc4 Ne5 41.Be2 Kf5 42.Bf8 Nd7 43.g4+ Kg6
44.Bd6 Ne5 45.h3 Bg2 46.h4 Bd5 47.Bc7 Nd7 48.Bd6 Kf7 49.Kd3 b3 50.Kc3 b6
51.cxb6 Nxb6 52.Bd3  0-1

[Event "Arlington CC-ch"]
[Site "Arlington"]
[Date "1998.12.13"]
[Round "3"]
[White "Avrahami, Rami"]
[Black "Passov, Alexander"]
[Result "1-0"]
[WhiteElo "2290"]
[BlackElo "2275"]

1.c4 c6 2.d4 d5 3.Nc3 e6 4.Nf3 dxc4 5.a4 Bb4 6.e3 b5 7.Ne5 Nf6 8.Be2 a6 9.Bf3 Nd5
10.O-O Bb7 11.Qc2 O-O 12.Be4 h6 13.Bd2 Be7 14.b3 b4 15.Nxd5 cxd5 16.Bh7+ Kh8
17.bxc4 dxc4 18.Nxc4 g6 19.Bxg6 fxg6 20.Ne5 Rf6 21.Nxg6+ Kg7 22.Nf4 Qe8 23.Qc7 Rxf4
24.Qxb7 Qc6 25.Qxe7+ Rf7 26.Qxb4 Nd7 27.Rac1 Qd5 28.Rc2 Raf8 29.f3 Qf5 30.Rc7 Nf6
31.Rxf7+ Rxf7 32.Qb1 Qg5 33.Qd3 h5 34.e4 Qh4 35.Qxa6 Nxe4 36.fxe4 Qxe4 37.Rxf7+ Kxf7
38.Qf1+  1-0

[Event "ROM-ch"]
[Site "Bucuresti"]
[Date "1998.12.14"]
[Round "7"]
[White "Marin, Mihail"]
[Black "Dumitrache, Dragos"]
[Result "1-0"]
[WhiteElo "2530"]
[BlackElo "2420"]

1.c4 c6 2.Nf3 d5 3.e3 e6 4.Nc3 Nd7 5.Qc2 Ngf6 6.d4 Bd6 7.Bd3 O-O 8.O-O dxc4
9.Bxc4 e5 10.Bb3 Qe7 11.Bd2 e4 12.Ng5 Bxh2+ 13.Kxh2 Ng4+ 14.Kg1 Qxg5 15.Qxe4 Ndf6
16.Qf4 Qh4 17.f3 g5 18.Qd6 Ne8 19.Qxf8+ Kxf8 20.fxg4 Nd6 21.Rf6 Ke7 22.Raf1 Bxg4
23.Be1 Qxe1 24.Rxf7+ Nxf7 25.Rxe1 Nd6 26.e4 b5 27.e5 Nc4 28.d5 Bd7 29.a4 a6
30.Bxc4 bxc4 31.Rf1 Rb8 32.Rf6 cxd5 33.Nxd5+ Ke8 34.Rxa6 Bf5 35.g4 Bg6 36.e6 Rd8
37.Ra5 Bc2 38.Kf2 Bb3 39.e7 Rc8 40.Ra7 Kf7 41.a5 Bc2 42.Rd7 Ba4 43.Rd8 Rc5
44.a6 Ra5 45.Rf8+ Ke6 46.Rf5 Kd6 47.Nc3 Rxf5+ 48.gxf5 Bc6 49.f6  1-0

[Event "Gudmundur Arason op 4th"]
[Site "Hafnarfjordur"]
[Date "1998.12.16"]
[Round "3"]
[White "Karason, Askell O"]
[Black "Kristjansson, Stefan"]
[Result "0-1"]
[WhiteElo "2270"]
[BlackElo "2225"]

1.c4 c6 2.d4 d5 3.Nc3 Nf6 4.Bg5 dxc4 5.e4 b5 6.e5 Nd5 7.a4 Nxc3 8.bxc3 Qd7
9.Be2 e6 10.Bf3 Bb7 11.Ne2 h6 12.Be3 a5 13.Ng3 b4 14.O-O Na6 15.Qe2 Nc7 16.cxb4 axb4
17.Qxc4 Nd5 18.Rfc1 Be7 19.a5 Ba6 20.Qxc6 Qxc6 21.Rxc6 Kd7 22.Bxd5 exd5 23.Nf5 Kxc6
24.Nxe7+ Kb5 25.Nxd5 b3 26.Nb6 Rac8 27.d5 b2 28.Rb1 Rc2 29.d6 Kb4 30.Nd5+ Kb3
31.Nc7 Rxc7 32.dxc7 Kc2 33.Rxb2+ Kxb2 34.f4 Kc3 35.Kf2 Kc4 36.Bb6 Kd5 37.Ke3 h5
38.g3 g6 39.Kf3 Ke6 40.h3 Bf1 41.h4 Kf5  0-1

[Event "GRE-ch 48th"]
[Site "Athens"]
[Date "1998.12.18"]
[Round "6"]
[White "Grivas, Efstratios"]
[Black "Mastrovasilis, Dimitrios"]
[Result "0-1"]
[WhiteElo "2520"]
[BlackElo "2280"]

1.c4 c6 2.Nf3 d5 3.e3 Nf6 4.Nc3 e6 5.b3 Nbd7 6.Bb2 Bd6 7.d4 O-O 8.Be2 Re8
9.O-O a6 10.Qc2 dxc4 11.bxc4 e5 12.a4 Qc7 13.a5 e4 14.Nd2 Nf8 15.c5 Be7 16.Nc4 Ng4
17.Bxg4 Bxg4 18.Nd6 Bxd6 19.cxd6 Qxd6 20.Nxe4 Qg6 21.f3 Bxf3 22.Rxf3 Qxe4
23.Qb3 Qd5 24.Qd3 Nd7 25.Rf5 Qe4 26.Qxe4 Rxe4 27.Bc1 Nf6 28.Rb1 Re7 29.Ba3 Rd7
30.Rf2 Ne4 31.Rc2 f5 32.Rb3 Rc8 33.Bc5 Rf7 34.Kf1 Rcc7 35.Ke2 g5 36.Rb1 Rcd7
37.Rb3 Kg7 38.Ba7 Kf6 39.Bb8 Rd5 40.Rcb2 Rdd7 41.Kf3 g4+ 42.Ke2 Ke6 43.Bf4 h5
44.Bb8 Rfe7 45.Ba7 Rd5 46.Rxb7 Rxb7 47.Rxb7 Rxa5 48.Rh7 Ra2+ 49.Kd3 Kd5 50.Rd7+ Ke6
51.Rh7 Nf6 52.Rc7 Rxg2 53.Rxc6+ Kf7 54.Bb8 h4 55.Be5 Ne4 56.Rxa6 g3 57.hxg3 hxg3  0-1

[Event "Oxford GM-B"]
[Site "Oxford"]
[Date "1998.12.20"]
[Round "6"]
[White "McNab, Colin Anderson"]
[Black "Summerscale, Aaron"]
[Result "1-0"]
[WhiteElo "2445"]
[BlackElo "2455"]

1.c4 c6 2.Nf3 d5 3.e3 Nf6 4.Nc3 e6 5.Qc2 Nbd7 6.d4 Bd6 7.Bd2 O-O 8.O-O-O c5
9.e4 cxd4 10.Nxd4 dxe4 11.Nxe4 Nxe4 12.Qxe4 Nc5 13.Qc2 a6 14.b4 Nd7 15.c5 Be5
16.Nf3 Bc7 17.Ng5 g6 18.h4 Qf6 19.Bc3 Be5 20.Ne4 Qg7 21.Rh3 Nb8 22.h5 Nc6
23.h6 Qh8 24.a3 Rb8 25.Rf3 Bxc3 26.Qxc3 Qxc3+ 27.Rxc3 f5 28.Ng5 Ne5 29.Nxe6 Bxe6
30.Re3 Rfd8 31.Rxe5 Rxd1+ 32.Kxd1 Rd8+ 33.Kc2 Kf7 34.Re1 a5 35.Kc3 axb4+
36.axb4 Ra8 37.b5 Ra4 38.c6 bxc6 39.bxc6 Bd5 40.c7 Ra8 41.Kd4 Be6 42.Rxe6 Kxe6
43.Ba6 Kd7 44.c8=Q+ Rxc8 45.Bxc8+ Kxc8 46.Ke5 Kd7 47.Kf6 Ke8 48.Kg7 f4 49.Kxh7 Kf7
50.g4  1-0

[Event "GRE-ch 48th"]
[Site "Athens"]
[Date "1998.12.21"]
[Round "9"]
[White "Skembris, Spyridon"]
[Black "Mastrovasilis, Dimitrios"]
[Result "1/2-1/2"]
[WhiteElo "2480"]
[BlackElo "2280"]

1.c4 c6 2.e4 d5 3.exd5 cxd5 4.d4 Nf6 5.Nc3 Nc6 6.Nf3 Be6 7.c5 g6 8.Bb5 Bg7
9.O-O O-O 10.Bxc6 bxc6 11.Ne5 Qc7 12.Re1 Rfe8 13.h3 Nd7 14.Bf4 Qc8 15.b4 Nxe5
16.dxe5 Rd8 17.Qd4 Qa6 18.a4 Qc4 19.Ne2 Rab8 20.Rab1 Rdc8 21.Qd2 Bf5 22.Rb2 a5
23.Rc1 Qd3 24.bxa5 Qxd2 25.Rxd2 Ra8 26.Ra2 Rxa5 27.Bd2 Ra6 28.f4 Bd3 29.Nd4 f6
30.e6 f5 31.Bc3 Bc4 32.Ra3 Rca8 33.Rb1 Bf6 34.Rb6 Rxa4 35.Rxa4 Rxa4 36.Rxc6 Ra3
37.Nxf5 gxf5 38.Bxf6 exf6 39.Rc8+ Kg7 40.e7 Bb5 41.e8=Q Bxe8 42.Rxe8 Rc3
43.Re7+ Kg6 44.Rc7 Rc2 45.c6 d4 46.Kh2 d3 47.Rd7 Rxc6 48.Rxd3 Rc2 49.Kg3 Ra2
50.Rf3 Kh5 51.Rb3 Kg6 52.Kf3 Rc2 53.Kg3 Ra2 54.Rb8 Kg7 55.Re8 Kf7 56.Re1 Kg6
57.Rg1 Kh5 58.Rf1 Rb2 59.Rf2 Rxf2 60.Kxf2 Kh4 61.Kf3 h5 62.Kf2  1/2-1/2

[Event "Groningen Festival Women"]
[Site "Groningen"]
[Date "1998.12.21"]
[Round "2"]
[White "Peng, Zhaoqin"]
[Black "Stefanova, Antoaneta"]
[Result "1-0"]
[WhiteElo "2425"]
[BlackElo "2475"]

1.c4 c6 2.Nf3 d5 3.e3 Nf6 4.Nc3 g6 5.d4 Bg7 6.Be2 O-O 7.O-O a6 8.a4 a5 9.Qb3 Na6
10.cxd5 cxd5 11.Bd2 Nb4 12.Ne5 Bf5 13.Rac1 Nd7 14.Nxd7 Qxd7 15.Nb5 Nc6 16.Rfd1 Rfd8
17.Be1 Rac8 18.Bf3 Bf8 19.h3 g5 20.Be2 Bg6 21.Bg4 e6 22.Be2 Bg7 23.Na3 Qe7
24.Nb5 Nb4 25.Bc3 Bf8 26.Kf1 h5 27.Kg1 g4 28.hxg4 hxg4 29.Bxg4 Nd3 30.Rc2 Qh4
31.Bh3 Nb4 32.Rcd2 Qh7 33.Rc1 Rc4 34.Qd1 Rdc8 35.Qf3 Na2 36.Ra1 Rxa4 37.b3 Nxc3
38.bxa4 Nxb5 39.axb5 Bb4 40.Rdd1 Bd3 41.b6 Qg6 42.Qf4 Ba6 43.Rdc1 Rc4 44.g3 Bc3
45.Bf1 Bxa1 46.Rxa1 Rb4 47.Bxa6 bxa6 48.Rc1 Rc4 49.Qc7 Kh7 50.Rxc4 dxc4 51.b7 Qb1+
52.Kh2 Qf5 53.Qf4  1-0

[Event "Groningen Festival Women"]
[Site "Groningen"]
[Date "1998.12.26"]
[Round "6"]
[White "Bobrowska, Monika"]
[Black "Stefanova, Antoaneta"]
[Result "0-1"]
[WhiteElo "2470"]
[BlackElo "2475"]

1.c4 c6 2.Nf3 d5 3.e3 Nf6 4.Nc3 g6 5.d4 Bg7 6.Be2 O-O 7.O-O a6 8.a4 a5 9.b3 Ne4
10.Bb2 Bf5 11.Nxe4 Bxe4 12.Rc1 Nd7 13.Nd2 Bf5 14.cxd5 cxd5 15.Nb1 Nf6 16.Nc3 Qd7
17.Bd3 Rfc8 18.Bxf5 Qxf5 19.Qe2 Rc6 20.Qb5 Qd7 21.Ba3 Bf8 22.h3 Rac8 23.Qd3 Qf5
24.Qxf5 gxf5 25.Bb2 e6 26.Nb5 Ne4 27.Rxc6 Rxc6 28.Rc1 Bb4 29.Na7 Rxc1+ 30.Bxc1 Nd6
31.f3 Kf8 32.g4 fxg4 33.hxg4 Ke7 34.Kf2 Kd7 35.Kg3 Kc7 36.Kh4 Kb6 37.Nb5 Nxb5
38.axb5 Bf8 39.f4 Kxb5 40.f5 exf5 41.gxf5 Kb4 42.Bd2+ Kxb3 43.Bxa5 Bh6 44.e4 dxe4
45.d5 Bf4 46.Kg4 Be5 47.Kg5 Kc4 48.d6 f6+  0-1

[Event "Groningen op"]
[Site "Groningen"]
[Date "1998.12.26"]
[Round "6"]
[White "Ye Rongguang"]
[Black "Middelburg, Tom"]
[Result "1/2-1/2"]
[WhiteElo "2535"]
[BlackElo "2230"]

1.c4 c6 2.e4 d5 3.exd5 cxd5 4.cxd5 Nf6 5.Bb5+ Nbd7 6.Nc3 g6 7.d4 a6 8.Be2 Nb6
9.Bf3 Nbxd5 10.Nxd5 Nxd5 11.Qb3 e6 12.Ne2 Bg7 13.O-O O-O 14.Rd1 b6 15.a4 a5
16.Bd2 Bb7 17.h3 Qd7 18.Bg5 Rac8 19.Rdc1 Nb4 20.Bxb7 Qxb7 21.Bd2 Qd5 22.Qxd5 Nxd5
23.Kf1 Rfd8 24.b3 Ne7 25.Bg5 Kf8 26.g4 h6  1/2-1/2

[Event "Groningen op"]
[Site "Groningen"]
[Date "1998.12.27"]
[Round "7"]
[White "Almasi, Istvan"]
[Black "Wapner, Jonathan"]
[Result "1/2-1/2"]
[WhiteElo "2450"]
[BlackElo "2325"]

1.c4 c6 2.d4 d5 3.Nf3 Nf6 4.g3 dxc4 5.Bg2 Nbd7 6.a4 e6 7.O-O Bb4 8.Qc2 Qe7
9.Nbd2 e5 10.Nxc4 exd4 11.Nxd4 Nb8 12.a5 O-O 13.a6 bxa6 14.Na5 Bd7 15.Bf4 Nd5
16.Bxb8 Bxa5 17.Bxd5 cxd5 18.Rxa5 Raxb8 19.Rxd5 Rfc8 20.Qd2 Bh3 21.Rd1 h6
22.Nf3 Qb7 23.Qa5  1/2-1/2